| 000 | 00577nmm a2200157Ia 4500 | ||
|---|---|---|---|
| 008 | 251105s9999||||xx |||||||||||||||||und|| | ||
| 020 | _a9788498167825 | ||
| 041 | _aspa | ||
| 100 | _aVillarino, Basilio | ||
| 245 | 0 |
_aDiario de la navegación : _b Emprendida en 1781, desde el río negro, para reconocer la bahía de todos los santos, las islas de Buen Suceso y el desagüe del río Colorado |
|
| 264 |
_a[Madrid, España] : _bLinkgua, _c2009 |
||
| 300 | _a41 páginas | ||
| 490 | _aHistoria-Viajes | ||
| 856 | _uhttps://public.digitaliapublishing.com/a/16898 | ||
| 942 | _cCF | ||
| 999 |
_c91443 _d91443 |
||